Review of sustainable construction 2006 (Record no. 106086)
[ view plain ]
| 000 -LEADER | |
|---|---|
| fixed length control field | 01243cam a2200229 4500 |
| 001 - CONTROL NUMBER | |
| control field | ##L135524 |
| 008 - FIXED-LENGTH DATA ELEMENTS--GENERAL INFORMATION | |
| fixed length control field | 061106n2006 000 0 eng u |
| 035 ## - SYSTEM CONTROL NUMBER | |
| System control number | (Sirsi) u135524 |
| 041 0# - LANGUAGE CODE | |
| Language code of text/sound track or separate title | eng |
| 050 04 - LIBRARY OF CONGRESS CALL NUMBER | |
| Classification number | 333.72 $2 18 |
| 110 1# - MAIN ENTRY--CORPORATE NAME | |
| Corporate name or jurisdiction name as entry element | United Kingdom |
| Subordinate unit | Department of Trade and Industry |
| 245 00 - TITLE STATEMENT | |
| Title | Review of sustainable construction 2006 |
| Medium | [electronic resource] |
| 260 ## - PUBLICATION, DISTRIBUTION, ETC. | |
| Place of publication, distribution, etc. | [S.l.] |
| Name of publisher, distributor, etc. | DTI |
| Date of publication, distribution, etc. | 2006 |
| 505 1# - FORMATTED CONTENTS NOTE | |
| Formatted contents note | The people agenda -- Managing the environment and resources -- Government procurement -- Overseas dimension -- Initiatives -- Industry involvement -- The future |
| 520 ## - SUMMARY, ETC. | |
| Summary, etc. | Sets out current government policy and industry initiatives related to sustainable construction. Also aims to encourage industry to propose its own targets and provide an effective foundation to guide future government policies. Builds upon government's principles of sustainable development. |
| 520 ## - SUMMARY, ETC. | |
| Summary, etc. | Supersedes "Building a better quality of life: a strategy for more sustainable construction" (E09455). |
| 590 ## - LOCAL NOTE (RLIN) | |
| Local note | IKA141106 NTK |
| 651 #4 - SUBJECT ADDED ENTRY--GEOGRAPHIC NAME | |
| Geographic name | United Kingdom |
| Chronological subdivision | |
| 690 ## - LOCAL SUBJECT ADDED ENTRY--TOPICAL TERM (OCLC, RLIN) | |
| Topical term or geographic name as entry element | BUILT ENVIRONMENT-SUSTAINABLE CONSTRUCTION |
| 856 40 - ELECTRONIC LOCATION AND ACCESS | |
| Uniform Resource Identifier | <a href="https://www.dti.gov.uk/files/file34979.pdf">https://www.dti.gov.uk/files/file34979.pdf</a> |
| Public note | View the item free of charge at www.dti.gov.uk |
| 942 ## - ADDED ENTRY ELEMENTS (KOHA) | |
| Suppress in OPAC | 0 |
| Withdrawn status | Lost status | Source of classification or shelving scheme | Damaged status | Not for loan | Home library | Current library | Shelving location | Date acquired | Total Checkouts | Full call number | Barcode | Date last seen | Copy number | Price effective from | Koha item type |
|---|---|---|---|---|---|---|---|---|---|---|---|---|---|---|---|
| Dewey Decimal Classification | Virtual | Virtual | Online | 06/11/2006 | ONLINE PUBLICATION | 135524-2001 | 06/08/2019 | 1 | 06/08/2019 | Book |